| 000 | 03109cam a22004697i 4500 | ||
|---|---|---|---|
| 999 |
_c234882 _d234882 |
||
| 001 | 18068327 | ||
| 003 | Nust | ||
| 005 | 20170331161659.0 | ||
| 008 | 140314t20142014iluab bf 001 0 eng d | ||
| 010 | _a 2014935905 | ||
| 020 |
_a9781611901511 _qpaperback |
||
| 020 |
_a1611901510 _qpaperback |
||
| 035 | _a(OCoLC)ocn890673034 | ||
| 040 |
_aIUA _beng _cIUA _erda _dYDXCP _dUAB _dOCL _dDLC |
||
| 042 | _alccopycat | ||
| 050 | 0 | 0 |
_a333.7209 DAN _b.D33 2014 |
| 082 | 0 | 4 |
_a333.7209 DAN _223 |
| 100 | 1 |
_aDaniels, Thomas L., _eauthor. |
|
| 245 | 1 | 4 |
_aThe environmental planning handbook for sustainable communities and regions / _cTom Daniels. |
| 250 | _aSecond edition. | ||
| 264 | 1 |
_aChicago : _bAmerican Planning Association, Planners Press, _c[2014] |
|
| 264 | 4 | _c©2014 | |
| 300 |
_axliii, 747 pages : _billustrations (chiefly color), maps (chiefly color) ; _c28 cm |
||
| 336 |
_atext _btxt _2rdacontent |
||
| 336 |
_astill image _bsti _2rdacontent |
||
| 336 |
_acartographic image _bcri _2rdacontent |
||
| 337 |
_aunmediated _bn _2rdamedia |
||
| 338 |
_avolume _bnc _2rdacarrier |
||
| 500 | _aP.B | ||
| 504 | _aIncludes bibliographical references (pages 709-717) and index. | ||
| 505 | 2 | _aTaking stock of the local environment and creating an environmental action plan -- The legal, economic, ethical, and ecological foundations of environmental planning -- Planning for sustainable air quality -- Planning for climate change : mitigation and adaptation -- Planning for a sustainable water supply -- Planning for sustainable water quality -- Planning for solid waste and recycling -- Toxic substances and hazardous waste -- Protecting the nation's landscape treasures -- Planning for wildlife habitat -- Planning and managing wetlands -- Coastal zone management -- Planning for natural hazards and natural disasters -- Planning for sustainable working landscapes : farmland and ranchland -- Planning for sustainable working landscapes : forestry -- Planning for mining -- Planning for energy -- Transportation planning and the environment -- Making green cities, suburbs, and metro regions -- Greenfield development and site design -- Positive trends and urgent needs for sustainable environmental planning. | |
| 650 | 0 |
_aEnvironmental policy _zUnited States _vHandbooks, manuals, etc. |
|
| 650 | 0 |
_aCommunity development _zUnited States _vHandbooks, manuals, etc. |
|
| 650 | 7 |
_aCommunity development. _2fast _0(OCoLC)fst00870818 |
|
| 650 | 7 |
_aEnvironmental policy. _2fast _0(OCoLC)fst00913250 |
|
| 651 | 7 |
_aUnited States. _2fast _0(OCoLC)fst01204155 |
|
| 655 | 7 |
_aHandbooks and manuals. _2fast _0(OCoLC)fst01423877 |
|
| 710 | 2 |
_aAmerican Planning Association, _epublisher. |
|
| 856 | 4 | 2 |
_3Contributor biographical information _uhttps://www.loc.gov/catdir/enhancements/fy1610/2014935905-b.html |
| 906 |
_a7 _bcbc _ccopycat _d2 _eepcn _f20 _gy-gencatlg |
||
| 942 |
_2ddc _cBK _k333.7209 DAN |
||